000 00505nam a2200181Ia 4500
005 20250508162437.0
008 008 250505s9999 xx 000 0 eng d
037 _aTextual
040 _aFEDL
_beng
_cFEDL
041 _aeng
_2eng
084 _a160, JOS
_qFEDL
100 _aJoshi Rasik Vihari
245 0 _aStudies in Indian logic and metaphysics
260 _aDelhi, India
_bBharatiya Vidya Prakashan
_c1979
300 _a192p.
942 _cTEXL
_h160, JOS
999 _c1376577
_d1376577